000 00428nam a2200181Ia 4500
001 4739
005 20260306145817.0
008 260306t2006||||xx |||||||||||||| ||spa||
041 _aESP
082 _a330.015195
_bG384P
100 _aGujarati, Damodar N.
_eAUT
245 0 _aPrincipios de econometrĂ­a
260 _c2006
300 _a546 páginas :
_c25 cm.
650 _aGEN
654 _aCAN
942 _cLIB
_dJUS
_fJUS
_2ddc
_n
999 _c4739
_d4739